К вопросу о применении законодательства о несостоятельности (банкротстве); Энергия молодых - экономике России; Ч. 2

Бібліографічні деталі
Parent link:Энергия молодых - экономике России: труды VI Всероссийской научно-практической конференции студентов и молодых ученых, Томск, 19-22 апреля 2005 г./ Томский политехнический университет; Вольное экономическое общество России.— , 2005-
Ч. 2.— 2005.— С. 29-31
Автор: Бабенко В. С.
Інші автори: Варлачева Н. В. Наталия Валерьевна
Мова:Російська
Опубліковано: 2005
Предмети:
Формат: Частина з книги
KOHA link:https://koha.lib.tpu.ru/cgi-bin/koha/opac-detail.pl?biblionumber=140994

MARC

LEADER 00000naa2a2200000 4500
001 140994
005 20231031142314.0
035 |a (RuTPU)RU\TPU\book\152770 
090 |a 140994 
100 |a 20080718d2005 k y0rusy50 ca 
101 0 |a rus 
102 |a RU 
200 1 |a К вопросу о применении законодательства о несостоятельности (банкротстве)  |f В. С. Бабенко, Н. В. Варлачёва 
461 0 |0 (RuTPU)RU\TPU\book\107328  |t Энергия молодых - экономике России  |o труды VI Всероссийской научно-практической конференции студентов и молодых ученых, Томск, 19-22 апреля 2005 г.  |o в 2 ч.  |f Томский политехнический университет; Вольное экономическое общество России  |d 2005- 
463 0 |0 (RuTPU)RU\TPU\book\73345  |t Ч. 2  |v С. 29-31  |d 2005 
610 1 |a несостоятельность 
610 1 |a банкротство 
610 1 |a законодательство 
610 1 |a антикризисное регулирование 
610 1 |a антикризисное управление 
610 1 |a труды учёных ТПУ 
700 1 |a Бабенко  |b В. С. 
701 1 |a Варлачева  |b Н. В.  |c экономист  |c доцент Томского политехнического университета, кандидат экономических наук  |f 1977-  |g Наталия Валерьевна  |2 stltpush  |3 (RuTPU)RU\TPU\pers\24194 
801 1 |a RU  |b 63413507  |c 20080718  |g PSBO 
801 2 |a RU  |b 63413507  |c 20161003  |g PSBO 
942 |c BK